000 00395nam a2200157Ia 4500
008 231011s2022 xx 000 0 und d
020 _a9788130000000
041 _aeng
082 _a658.4063/ROT
100 _aChristianMullerRoterberg
245 _aDESIGN THINKING FOR DUMMIES
250 _a1st
260 _aNew Delhi Indea
_bWiley Indea Pvt. Ltd.
_c2022
300 _a290
365 _b799
999 _c882043
_d882043